| 000 | 01027cam a22003135i 4500 | ||
|---|---|---|---|
| 999 |
_c20231 _d20203 |
||
| 001 | ocn845006756 | ||
| 003 | EG-ScBUE | ||
| 005 | 20210201132304.0 | ||
| 008 | 130307s2013 enk g 000 f eng d | ||
| 020 | _a9780141345833 (pbk.) | ||
| 020 | _a0141345837 (pbk.) | ||
| 040 |
_aNz _beng _erda _cNTAUP _dOCLCO _dYDXCP _dOCLCO _dEG-ScBUE |
||
| 082 | 0 | 4 |
_a813.6 _bYAN _222 |
| 100 | 1 |
_aYancey, Richard, _eauthor. _938463 |
|
| 245 | 1 | 4 |
_aThe 5th wave / _cRick Yancey. |
| 246 | 3 | _aThe fifth wave | |
| 264 | 1 |
_aLondon : _bPenguin Books, _c2013. |
|
| 300 |
_axiii, 460 pages ; _c20 cm |
||
| 336 |
_atext _btxt _2rdacontent |
||
| 337 |
_aunmediated _bn _2rdamedia |
||
| 338 |
_avolume _bnc _2rdacarrier |
||
| 500 | _a"They are coming for us. All of us" -- Cover. | ||
| 650 | 7 |
_aExtraterrestrial beings _vJuvenile fiction _2BUEsh _940278 |
|
| 650 | 7 |
_aDystopias _vJuvenile fiction _2BUEsh _940291 |
|
| 650 | 7 |
_aScience fiction _vJuvenile fiction. _2BUEsh |
|
| 651 | _2BUEsh | ||
| 653 |
_bHHUUEENN _cJuly2015 _cOctober2015 |
||
| 942 |
_2ddc _cBB |
||